Výzvy a príležitosti kooperácie Číny s krajinami strednej a východnej Európy bakalárska práca

Na minha lista:
Detalhes bibliográficos
Autor principal: Andrásyová, Diana
Autor Corporativo: Fakulta medzinárodných vzťahov EU. Katedra medzinárodných ekonomických vzťahov a hospodárskej diplomacie
Outros Autores: Kajánek, Tomáš, 1995-
Formato: Livro
Idioma:eslovaco
Publicado em: Bratislava 2020
Tags: Adicionar Tag
Sem tags, seja o primeiro a adicionar uma tag!

MARC

LEADER 00000nbm a2200000 4500
001 0265788
005 20200910082819.2
041 0 |a slo 
044 |a SK 
245 1 0 |a Výzvy a príležitosti kooperácie Číny s krajinami strednej a východnej Európy  |b bakalárska práca  |c Diana Andrásyová ; školiteľ: Tomáš Kajánek 
264 1 |a Bratislava  |c 2020 
300 |a 67 s. 
100 1 |a Andrásyová, Diana 
700 1 |a Kajánek, Tomáš, 1995- 
710 2 |a Fakulta medzinárodných vzťahov EU. Katedra medzinárodných ekonomických vzťahov a hospodárskej diplomacie